Name All Tabs Units - Statistics

General Stats
  • This quiz has been taken 43 times
  • The average score is 70 of 139
Answer Stats
Faction Unit % Correct
Tribal Clubber
97%
Tribal Mammoth
86%
Medieval Archer
83%
Tribal Spear Thrower
79%
Tribal Bone Mage
76%
Farmer Farmer
76%
Medieval King
76%
Farmer Scarecrow
76%
Secret Ice Giant
72%
Medieval Knight
72%
Tribal Protector
72%
Medieval Squire
72%
Ancient Zeus
72%
Medieval Catapult
69%
Farmer Halfling
69%
Ancient Snake Archer
69%
Farmer Wheelbarrow
69%
Ancient Ballista
66%
Viking Headbutter
66%
Ancient Minotaur
66%
Farmer Potionseller
66%
Dynasty Samurai
66%
Tribal Stoner
66%
Legacy Thor
66%
Viking Berserker
62%
Viking Brawler
62%
Pirate Cannon
62%
Tribal Chieftain
62%
Farmer Harvester
62%
Ancient Hoplite
62%
Viking Ice Archer
62%
Dynasty Ninja
62%
Renaissance Painter
62%
Pirate Pirate Queen
62%
Legacy Tank
62%
Secret Tree Giant
62%
Medieval Bard
59%
Secret Blackbeard
59%
Pirate Captain
59%
Legacy Dark Peasant
59%
Farmer Hay Baler
59%
Viking Longship
59%
Dynasty Monk
59%
Dynasty Monkey King
59%
Spooky Reaper
59%
Ancient Shield Bearer
59%
Secret Shogun
59%
Legacy Super Peasant
59%
Renaissance Balloon Archer
55%
Wild West Cactus
55%
Renaissance Da Vinci Tank
55%
Dynasty Dragon
55%
Dynasty Firework Archer
55%
Viking Jarl
55%
Renaissance Jouster
55%
Wild West Lasso
55%
Legacy Peasant
55%
Secret Samurai Giant
55%
Ancient Sarissa
55%
Spooky Skeleton Archer
55%
Legacy Super Boxer
55%
Secret Artemis
52%
Secret Ballooner
52%
Pirate Bomb Thrower
52%
Legacy Boxer
52%
Spooky Candlehead
52%
Wild West Deadeye
52%
Pirate Flintlock
52%
Pirate Harpooner
52%
Medieval Healer
52%
Renaissance Musketeer
52%
Spooky Pumpkin Catapult
52%
Secret Sensei
52%
Secret Skeleton Giant
52%
Spooky Skeleton Warrior
52%
Pirate Blunderbuss
48%
Renaissance Fencer
48%
Wild West Miner
48%
Legacy Poacher
48%
Spooky Vampire
48%
Legacy Wizard
48%
Secret Bomb Cannon
45%
Secret Cheerleader
45%
Wild West Dynamite Thrower
45%
Wild West Gunslinger
45%
Renaissance Halberd
45%
Secret Present Elf
45%
Wild West Quick Draw
45%
Secret Raptor
45%
Spooky Swordcaster
45%
Secret Vlad
45%
Secret Witch
45%
Legacy Banner Bearer
41%
Secret Bomb On A Stick
41%
Legacy Chariot
41%
Secret Executioner
41%
Legacy Flag Bearer
41%
Dynasty Hwacha
41%
Secret Lady Red Jade
41%
Legacy Barrel Roller
38%
Legacy Blowdarter
38%
Secret Cavalry
38%
Fantasy Good Chronomancer
38%
Secret CLAMS
38%
Secret Jester
38%
Secret Mace Spinner
38%
Fantasy Evil Mad Mechanic
38%
Legacy Pike
38%
Secret Raptor Rider
38%
Fantasy Good Sacred Elephant
38%
Fantasy Evil Shadow Walker
38%
Secret Shouter
38%
Secret Ullr
38%
Secret Chu Ko Nu
34%
Secret Cupid
34%
Fantasy Evil Death Bringer
34%
Secret Gatling Gun
34%
Secret Necromancer
34%
Secret Taekwondo
34%
Secret The Teacher
34%
Secret Wheelbarrow Dragon
34%
Secret Ball 'n' Chain
31%
Secret Bank Robbers
31%
Fantasy Good Celestial Aegis
31%
Fantasy Good Devout Gauntlet
31%
Fantasy Good Divine Arbiter
31%
Fantasy Evil Exiled Sentinel
31%
Secret Ice Mage
31%
Secret Infernal Whip
31%
Legacy Pharaoh
31%
Fantasy Good Righteous Paladin
31%
Fantasy Evil Void Monarch
31%
Secret Fan Bearer
28%
Fantasy Good Radiant Glaive
24%
Secret Solar Architect
24%
Secret Banshee
21%
Fantasy Evil Tempest Lich
21%
Viking Valkryie
17%
Fantasy Evil Void Cultist
14%
No matching quizzes found
Score Distribution
Percent of People with Each Score
Percentile by Number Answered
Your Score History
You have not taken this quiz